书目信息 |
| 题名: |
居住环境
|
|
| 作者: | 浅见泰司 著 ;高晓路 译 | |
| 分册: | ||
| 出版信息: | 北京 清华大学出版社 2006 |
|
| 页数: | 382页 | |
| 开本: | 21cm | |
| 丛书名: | ||
| 单 册: | ||
| 中图分类: | X821 | |
| 科图分类: | ||
| 主题词: | 居住环境--评价 | |
| 电子资源: | ||
| ISBN: | 7-302-12059-5 | |
| 000 | 00947nam0 2200253 450 | |
| 000 | 00954nam0 2200253 450 | |
| 000 | 00887nam0 2200229 450 | |
| 000 | 00850nam0 2200217 450 | |
| 005 | 20070602100251.70 | |
| 010 | @a7-302-12059-5@b平装@dCNY39.80 | |
| 100 | @a20051107d2006 em y0chiy0120 ea | |
| 101 | 0 | @achi |
| 102 | @aCN@b110000 | |
| 105 | @ay z 000yy | |
| 200 | 1 | @a居住环境@AJu Zhu Huan Jing@e评价方法与理论@EPing Jia Fang Fa Yu Li Lun@f浅见泰司著@FQian Jian Tai Si Zhu@g高晓路等译 |
| 210 | @a北京@c清华大学出版社@d2006 | |
| 215 | @a382页@d21cm | |
| 330 | @a本书由3部分构成:第1部分论述了居住环境的概念体系(第1章)和安全性、保健性、便利性、舒适性、可持续性等五项评价理念的内涵(第2~6章);第II部分论述了居住环境的评价方法及其理论。 | |
| 606 | 0 | @a居住环境@x评价 |
| 690 | @aX821@v4 | |
| 701 | 0 | @a浅见泰司@AQian Jian Tai Si@4著 |
| 702 | 0 | @a高晓路@AGao Xiao Lu@4译 |
| 801 | 0 | @aCN@bTAOJIN@c20070602 |
| 905 | @a10447@dX821@e82 | |
| 居住环境:评价方法与理论/浅见泰司著/高晓路等译.-北京:清华大学出版社,2006 |
| 382页;21cm |
| ISBN 7-302-12059-5(平装):CNY39.80 |
| 本书由3部分构成:第1部分论述了居住环境的概念体系(第1章)和安全性、保健性、便利性、舒适性、可持续性等五项评价理念的内涵(第2~6章);第II部分论述了居住环境的评价方法及其理论。 |
| ● |
| 相关链接 |
|
|
|
|
正题名:居住环境
索取号:X821/82
 
预约/预借
| 序号 | 登录号 | 条形码 | 馆藏地/架位号 | 状态 | 备注 |
| 1 | 0524427 | 205244270 | 第二样本阅览室/ [索取号:X821/82] | 在馆 | |
| 2 | 0524428 | 205244289 | 第三借阅区/ [索取号:X821/82] | 在馆 | |
| 3 | 0524429 | 205244298 | 第三借阅区/ [索取号:X821/82] | 在馆 | |
| 4 | 0524430 | 205244305 | 第三借阅区/ [索取号:X821/82] | 在馆 | |
| 5 | 0524431 | 205244314 | 第三借阅区/ [索取号:X821/82] | 在馆 | |
| 6 | 0524432 | 205244323 | 第三借阅区/ [索取号:X821/82] | 在馆 | |
| 7 | 0524433 | 205244332 | 第三借阅区/ [索取号:X821/82] | 在馆 | |
| 8 | 0524434 | 205244341 | 第三借阅区/ [索取号:X821/82] | 在馆 |